| 000 | 00698cam a22002054a 4500 | ||
|---|---|---|---|
| 005 | 20250605163928.0 | ||
| 008 | 250528s ||||||||||||||||||||||||d | ||
| 035 | _a14598 | ||
| 040 |
_aGR-AtMCL _bgre _dGR-AtMCL _eAACR2 |
||
| 245 | 1 | _aA Manual of Laboratory Studies in Psychology | |
| 250 | _a2nd | ||
| 260 |
_bOxford University Press, _c1965 |
||
| 300 | _a208 | ||
| 520 | _aPreface, Note to the Student, Experimental Methodology, Motivation, Learning and General, Learning and Verbal, The Individual, Sensory Processes, Perception, Personality Dynamics, Social, Appendix. | ||
| 700 | 1 |
_aFried Robert _9321 |
|
| 700 | 1 |
_aHeckman Barbara _9322 |
|
| 942 | _cBK | ||
| 999 |
_c222 _d222 |
||